000 00866nam a2200265Ia 4500
003 OSt
005 20221005063800.0
006 a|||||r|||| 00| 0
007 ta
008 221004b |||||||| |||| 00| 0 eng d
020 _a9789386062628 (hbk)
_cINR 995.00
024 _a33937
037 _b110909, 22/08/2017, International Book Distributors
_cTextual
040 _aCRL
_cCRL
_beng
041 _2eng
_aeng
082 _aY15:3(W), Q7
100 _aManchanda Rita Ed.
245 0 _aWomen and politics of peace
_b south asia narratives on militarization, power, and justice
260 _aLos
_bAngeles Sage UK
_c2017
300 _axl,276p.
_ccm.
650 _a WOMEN
650 _aPOLITICAL SCIENCE
942 _hY15:3(W), Q7
_cTEXL
_2cc
999 _c971953
_d971953